| 000 | 01253am a2200385a 44500 | ||
|---|---|---|---|
| 003 | AR-BaBNM | ||
| 005 | 20251128210905.0 | ||
| 008 | 151020s1999 #AR|||||||||||000 | esp|| | ||
| 020 | _a950-550-268-0 | ||
| 040 | _cAR-BaBNM | ||
| 100 | 1 | _aLugo, María Teresa | |
| 245 | 1 | 0 |
_aCapacitación a distancia _bacercar la lejanía : herramientas para el desarrollo de programas a distancia |
| 260 |
_aBuenos Aires _bMagisterio del Río de la Plata _c1999 |
||
| 300 |
_a174 p. _btablas |
||
| 490 | 0 | _aHacer y pensar la escuela | |
| 500 | _aContiene anexo con instrumentos para la acción tutorial | ||
| 504 | _aContiene referencias bibliográficas en notas a pie de página | ||
| 650 | 4 | _aTUTORIA | |
| 650 | 4 | _aPROGRAMAS DE EDUCACION | |
| 650 | 4 | _aALUMNOS ADULTOS | |
| 650 | 4 | _aEDUCACION DE ADULTOS | |
| 650 | 4 | _aENSEÑANZA POR COMPUTADORA | |
| 650 | 4 | _aMETODOS AUDIOVISUALES | |
| 650 | 4 | _aPROCESO DE APRENDIZAJE | |
| 653 | _aCAPACITACION DOCENTE | ||
| 653 | _aEDUCACION A DISTANCIA | ||
| 653 | _aMULTIMEDIA | ||
| 653 | _aEDUCACION VIRTUAL | ||
| 653 | _aESTRATEGIAS DIDACTICAS | ||
| 700 | 1 | _aSchulman, Daniel | |
| 800 | 1 |
_aLugo, María Teresa _edirector |
|
| 800 | 1 |
_aRossi, Mariana _edirector |
|
| 942 | _cBK | ||
| 998 | _cRAQUEL | ||
| 999 |
_c17318 _d17318 |
||